Commentary On the Constitution of India (1 to 9 Vol.)/ (Record no. 1320402)
[ view plain ]
| 000 -LEADER | |
|---|---|
| fixed length control field | 00870nam a22002537a 4500 |
| 005 - DATE AND TIME OF LATEST TRANSACTION | |
| control field | 20250508115744.0 |
| 008 - FIXED-LENGTH DATA ELEMENTS--GENERAL INFORMATION | |
| fixed length control field | 250508b |||||||| |||| 00| 0 eng d |
| 037 ## - SOURCE OF ACQUISITION | |
| Terms of availability | REF |
| 040 ## - CATALOGING SOURCE | |
| Original cataloging agency | LCT |
| Transcribing agency | LCT |
| 041 ## - LANGUAGE CODE | |
| Source of code | eng |
| Language code of text/sound track or separate title | eng |
| Language code of original | en |
| 084 ## - COLON CLASSIFICATION NUMBER | |
| Classification number | V2:2:(Z) Q14 |
| 100 ## - MAIN ENTRY--PERSONAL NAME | |
| Personal name | Basu, Durga Das |
| 245 ## - TITLE STATEMENT | |
| Title | Commentary On the Constitution of India (1 to 9 Vol.)/ |
| 250 ## - EDITION STATEMENT | |
| Edition statement | 9th ed. |
| 260 ## - PUBLICATION, DISTRIBUTION, ETC. | |
| Place of publication, distribution, etc. | Gurugram, India: |
| Name of publisher, distributor, etc. | Lexis Nexis, |
| Date of publication, distribution, etc. | 2014 |
| 300 ## - PHYSICAL DESCRIPTION | |
| Extent | 9V. (clxxxiv, 954; cclv, 2682; ccxvi, 3693; clxxiii, 4487p.; cLxviii, 5284p.; ccviii, 6405p. Lxxi, 7237-8483p.; ccxvi, 9846p. ccxii, 11055p) |
| 500 ## - GENERAL NOTE | |
| General note | This book has 9 Volumes in the library. |
| 650 ## - SUBJECT ADDED ENTRY--TOPICAL TERM | |
| Topical term or geographic name entry element | Constitution of India |
| 650 ## - SUBJECT ADDED ENTRY--TOPICAL TERM | |
| Topical term or geographic name entry element | Law |
| 650 ## - SUBJECT ADDED ENTRY--TOPICAL TERM | |
| Topical term or geographic name entry element | Fundamental Rights |
| 650 ## - SUBJECT ADDED ENTRY--TOPICAL TERM | |
| Topical term or geographic name entry element | Citizenship |
| 650 ## - SUBJECT ADDED ENTRY--TOPICAL TERM | |
| Topical term or geographic name entry element | Government |
| 9 (RLIN) | 702413 |
| 942 ## - ADDED ENTRY ELEMENTS (KOHA) | |
| Source of classification or shelving scheme | Colon Classification (CC) |
| Koha item type | Textbook |
| Classification part | V2:2:(Z) Q14 |
| Suppress in OPAC | No |
| Withdrawn status | Lost status | Source of classification or shelving scheme | Damaged status | Not for loan | Collection | Home library | Current library | Shelving location | Date acquired | Source of acquisition | Total Checkouts | Full call number | Barcode | Date last seen | Price effective from | Koha item type |
|---|---|---|---|---|---|---|---|---|---|---|---|---|---|---|---|---|
| Colon Classification (CC) | Not For Loan | Reference | Law Centre-II Library | Law Centre-II Library | Reference | 2025-05-08 | Prolific Publication | V2:2:(Z) Q14 | LT0025436 | 2025-05-08 | 2025-05-08 | Textbook | ||||
| Colon Classification (CC) | Not For Loan | Reference | Law Centre-II Library | Law Centre-II Library | Reference | 2025-05-08 | Prolific Publication | V2:2:(Z) Q14 | LT0025437 | 2025-05-08 | 2025-05-08 | Textbook | ||||
| Colon Classification (CC) | Not For Loan | Reference | Law Centre-II Library | Law Centre-II Library | Reference | 2025-05-08 | Prolific Publication | V2:2:(Z) Q14 | LT0025438 | 2025-05-08 | 2025-05-08 | Textbook | ||||
| Colon Classification (CC) | Not For Loan | Reference | Law Centre-II Library | Law Centre-II Library | Reference | 2025-05-08 | Prolific Publication | V2:2:(Z) Q14 | LT0025439 | 2025-05-08 | 2025-05-08 | Textbook | ||||
| Colon Classification (CC) | Not For Loan | Reference | Law Centre-II Library | Law Centre-II Library | Reference | 2025-05-08 | Prolific Publication | V2:2:(Z) Q14 | LT0025440 | 2025-05-08 | 2025-05-08 | Textbook | ||||
| Colon Classification (CC) | Not For Loan | Reference | Law Centre-II Library | Law Centre-II Library | Reference | 2025-05-08 | Prolific Publication | V2:2:(Z) Q14 | LT0025441 | 2025-05-08 | 2025-05-08 | Textbook | ||||
| Colon Classification (CC) | Not For Loan | Reference | Law Centre-II Library | Law Centre-II Library | Reference | 2025-05-08 | Prolific Publication | V2:2:(Z) Q14 | LT0025442 | 2025-05-08 | 2025-05-08 | Textbook | ||||
| Colon Classification (CC) | Not For Loan | Reference | Law Centre-II Library | Law Centre-II Library | Reference | 2025-05-08 | Prolific Publication | V2:2:(Z) Q14 | LT0025443 | 2025-05-08 | 2025-05-08 | Textbook | ||||
| Colon Classification (CC) | Not For Loan | Reference | Law Centre-II Library | Law Centre-II Library | Reference | 2025-05-08 | Prolific Publication | V2:2:(Z) Q14 | LT0025444 | 2025-05-08 | 2025-05-08 | Textbook |
